富士山から直線距離で一番近い駅【都道府県別】 - Statistics

General Stats
  • This quiz has been taken 107 times
  • The average score is 8 of 47
Answer Stats
Hint Answer 距離(km) % Correct
北海道 木古内 718
80%
山梨県 富士山 15
58%
東京都 高尾山口 58
42%
静岡県 富士宮 19
38%
茨城県 古河 128
32%
徳島県 鳴門 398
32%
滋賀県 柏原 211
29%
埼玉県 三峰口 70
27%
群馬県 下仁田 95
25%
福井県 九頭竜湖 196
24%
沖縄県 てだこ浦西 1457
23%
神奈川県 谷峨 28
20%
島根県 安来 496
19%
福島県 会津高原尾瀬口 211
18%
新潟県 土樽 169
18%
石川県 鶴来 225
18%
愛知県 東栄 99
18%
京都府 月ケ瀬口 255
18%
愛媛県 川之江 494
18%
山口県 和木 607
17%
宮城県 越河 331
15%
岐阜県 落合川 110
15%
三重県 近鉄長島 187
15%
山形県 304
14%
富山県 欅平 177
14%
広島県 大門 491
14%
長野県 野辺山 70
12%
大阪府 長尾 281
12%
奈良県 三本松 260
12%
福岡県 吉富 719
12%
岩手県 油島 439
11%
栃木県 123
11%
鳥取県 若桜 393
10%
佐賀県 けやき台 781
10%
宮崎県 市棚 710
10%
千葉県 浜金谷 101
8%
秋田県 小砂川 432
7%
和歌山県 隅田 303
6%
岡山県 あわくら温泉 399
6%
鹿児島県 財部 822
6%
香川県 讃岐相生 413
5%
大分県 日代 676
5%
青森県 大間越 581
4%
兵庫県 一の鳥居 306
4%
熊本県 滝水 740
4%
高知県 土佐岩原 483
2%
長崎県 大三東 821
2%
No matching quizzes found
Score Distribution
Percent of People with Each Score
Percentile by Number Answered
Your Score History
You have not taken this quiz